| 000 | 00570nam a2200181Ia 4500 | ||
|---|---|---|---|
| 008 | 131103s9999 xx 000 0 und d | ||
| 020 | _a0 85391 021 9 | ||
| 040 | _aLoreto College | ||
| 041 | _aEnglish | ||
| 082 |
_a841.08/TAY _bLCLIB/20649 |
||
| 245 |
_aFrench poetry today _b A bilingual anthology _cEdited by Simon Watson Taylor & Edward Lucie - Smith |
||
| 260 |
_aLondon _bRapp & Whiting _c1971 |
||
| 300 |
_a408p. _c 22cm. |
||
| 650 | _aFrench poetry - History & criticism | ||
| 700 | _aTaylor, Simon Watson; ed. | ||
| 850 | _aLCLIB/841.08/TAY | ||
| 942 | _cBK | ||
| 999 |
_c24476 _d74955 |
||